[Event "Deutsche Ländermeisterschaft 2003"]
[Site "Kassel GER"]
[Date "2003.10.22"]
[Round "6"]
[White "de Wiljes, Jan-Hendrik"]
[Black "Nazarenus, Moritz"]
[Result "1-0"]
[Termination "normal"]
[Board "1.1"]
[WhiteElo "2254"]
[BlackElo "2111"]
[WhiteTeam "Niedersachsen"]
[BlackTeam "Hessen 2"]
[PlyCount "111"]
[BlackFideId "4670540"]
[EventCountry "GER"]
[EventRounds "7"]
[EventType "team-swiss"]
[EventDate "2003.10.18"]

1. e4 c6 2. Nf3 d5 3. Nc3 Bg4 4. h3 Bxf3 5. Qxf3 dxe4 6. Nxe4 Nf6 7. Bc4 e6 8.
Nxf6+ gxf6 9. O-O Nd7 10. Qh5 Qe7 11. d4 O-O-O 12. Qa5 Qb4 13. Qxb4 Bxb4 14.
Be2 Nb6 15. c3 Bd6 16. Bh5 Rd7 17. Rd1 Rhd8 18. g3 c5 19. dxc5 Bxc5 20. Rxd7
Rxd7 21. Kf1 Kd8 22. Ke2 Ke7 23. Bf3 Nc4 24. Bg2 Ne5 25. b3 b6 26. Be4 f5 27.
Bc2 Kf6 28. f4 Nc6 29. Be3 Ne7 30. Rd1 Nd5 31. Bd2 Ke7 32. g4 fxg4 33. hxg4 h6
34. Be4 Nf6 35. Bf3 Rd8 36. Rh1 Rg8 37. Rh4 Bd6 38. a4 Bc5 39. b4 Bd6 40. Kd3
Rd8 41. Kc2 Rg8 42. Kb3 Nd5 43. f5 Bf4 44. Bxf4 Nxf4 45. fxe6 Nxe6 46. Rxh6 Kd6
47. Rf6 Ke7 48. Rf5 Rc8 49. a5 bxa5 50. Rxa5 Rc7 51. Be4 Kd6 52. Bf5 Nd8 53. c4
Nc6 54. Rd5+ Ke7 55. Ka4 Kf6 56. Rc5 1-0

[Event "Deutsche Ländermeisterschaft 2003"]
[Site "Kassel GER"]
[Date "2003.10.22"]
[Round "6"]
[White "Kuhn, Ulf"]
[Black "Lubbe, Nikolas"]
[Result "1/2-1/2"]
[Termination "normal"]
[Board "1.2"]
[WhiteElo "2013"]
[BlackElo "2103"]
[WhiteTeam "Hessen 2"]
[BlackTeam "Niedersachsen"]
[PlyCount "44"]
[WhiteFideId "4693604"]
[BlackFideId "4694031"]
[EventCountry "GER"]
[EventRounds "7"]
[EventType "team-swiss"]
[EventDate "2003.10.18"]

1. f4 g6 2. Nf3 Bg7 3. g3 c5 4. Bg2 Nc6 5. O-O Nf6 6. d3 O-O 7. Qe1 Rb8 8. a4
d6 9. Na3 a6 10. c3 b5 11. axb5 axb5 12. e4 b4 13. Nc4 bxc3 14. bxc3 Ne8 15.
Bd2 Nc7 16. Kh1 Ba6 17. g4 e6 18. Ra2 d5 19. exd5 exd5 20. Nb2 Re8 21. Qf2 d4
22. c4 Qd6 1/2-1/2

[Event "Deutsche Ländermeisterschaft 2003"]
[Site "Kassel GER"]
[Date "2003.10.22"]
[Round "6"]
[White "Wiegmann, Sascha"]
[Black "Elstner, Eik"]
[Result "1/2-1/2"]
[Termination "normal"]
[Board "1.3"]
[WhiteElo "2156"]
[BlackElo "2078"]
[WhiteTeam "Niedersachsen"]
[BlackTeam "Hessen 2"]
[PlyCount "26"]
[WhiteFideId "4682041"]
[BlackFideId "24605581"]
[EventCountry "GER"]
[EventRounds "7"]
[EventType "team-swiss"]
[EventDate "2003.10.18"]

1. e4 e5 2. Nf3 Nc6 3. d4 exd4 4. Nxd4 Qf6 5. Be3 Bc5 6. c3 Nge7 7. Bc4 Ne5 8.
Be2 Qg6 9. O-O d6 10. f3 O-O 11. Kh1 c6 12. a4 Bb6 13. Bg1 d5 1/2-1/2

[Event "Deutsche Ländermeisterschaft 2003"]
[Site "Kassel GER"]
[Date "2003.10.22"]
[Round "6"]
[White "Rogalski, Yuriy"]
[Black "Bäumler, Ilja"]
[Result "0-1"]
[Termination "normal"]
[Board "1.4"]
[WhiteElo "1776"]
[BlackElo "2153"]
[WhiteTeam "Hessen 2"]
[BlackTeam "Niedersachsen"]
[PlyCount "106"]
[WhiteFideId "24605352"]
[BlackFideId "4681070"]
[EventCountry "GER"]
[EventRounds "7"]
[EventType "team-swiss"]
[EventDate "2003.10.18"]

1. c4 Nf6 2. Nc3 g6 3. g3 Bg7 4. Bg2 O-O 5. e3 d6 6. Nge2 e5 7. O-O Nc6 8. h3
Rb8 9. d3 Nd7 10. Rb1 f5 11. b4 Nf6 12. Qb3 Ne7 13. Bb2 Kh8 14. f4 Bd7 15. Kh2
Bc6 16. e4 Nh5 17. fxe5 dxe5 18. d4 exd4 19. Rbd1 fxe4 20. Rxf8+ Qxf8 21. Nxe4
Bxe4 22. Rf1 Bf5 23. g4 d3 24. Nd4 Qd8 25. Nxf5 Nxf5 26. gxf5 Qd6+ 27. Kg1 Bd4+
28. Bxd4+ Qxd4+ 29. Kh2 Rf8 30. Qd1 Qe5+ 31. Kg1 Nf4 32. Rxf4 Qxf4 33. Qxd3
Qxf5 34. Qd4+ Qf6 35. Qxa7 Qb6+ 36. Qxb6 cxb6 37. Bxb7 Rf7 38. Bd5 Ra7 39. c5
bxc5 40. b5 Rd7 41. Bb3 Kg7 42. a4 Rd3 43. Bc2 Rd2 44. Bb3 Rb2 45. Bd5 Rb4 46.
Kf2 Kf6 47. Bc6 Rxa4 48. b6 Rb4 49. b7 Ke5 50. Ke3 Kd6 51. Bg2 Kc7 52. Kd3 Rxb7
53. Kc4 Rb2 0-1

[Event "Deutsche Ländermeisterschaft 2003"]
[Site "Kassel GER"]
[Date "2003.10.22"]
[Round "6"]
[White "Romakin, Helene"]
[Black "Poetsch, Hagen"]
[Result "1-0"]
[Termination "normal"]
[Board "1.5"]
[WhiteElo "2081"]
[BlackElo "1717"]
[WhiteTeam "Niedersachsen"]
[BlackTeam "Hessen 2"]
[PlyCount "81"]
[WhiteFideId "24605964"]
[BlackFideId "24615137"]
[EventCountry "GER"]
[EventRounds "7"]
[EventType "team-swiss"]
[EventDate "2003.10.18"]

1. e4 e6 2. d4 d5 3. Nc3 Nf6 4. e5 Nfd7 5. f4 c5 6. Nf3 Nc6 7. dxc5 Bxc5 8. Bd3
Qb6 9. Qe2 Nb4 10. a3 Nxd3+ 11. cxd3 O-O 12. b4 Be7 13. Be3 Qd8 14. Nd4 Nb6 15.
O-O f5 16. Rfc1 a6 17. Qf2 Qe8 18. Nxe6 Bxe6 19. Bxb6 Rc8 20. Qd4 Qc6 21. a4 h6
22. Rc2 g5 23. Rac1 Bd8 24. Bxd8 Rcxd8 25. b5 Qd7 26. bxa6 bxa6 27. Ne2 Rc8 28.
Qb6 Rxc2 29. Rxc2 Rc8 30. Rb2 Rc6 31. Qe3 g4 32. Nd4 Rc8 33. Rb6 Qxa4 34. Rxe6
Qd1+ 35. Kf2 Rc1 36. Nxf5 Qf1+ 37. Kg3 Re1 38. Re8+ Kf7 39. Qa7+ Kg6 40. Qg7+
Kxf5 41. Qf6# 1-0

[Event "Deutsche Ländermeisterschaft 2003"]
[Site "Kassel GER"]
[Date "2003.10.22"]
[Round "6"]
[White "Becker, Natalie"]
[Black "Seeger, Franziska"]
[Result "0-1"]
[Termination "normal"]
[Board "1.6"]
[WhiteElo "1514"]
[BlackElo "2064"]
[WhiteTeam "Hessen 2"]
[BlackTeam "Niedersachsen"]
[PlyCount "46"]
[BlackFideId "4690982"]
[EventCountry "GER"]
[EventRounds "7"]
[EventType "team-swiss"]
[EventDate "2003.10.18"]

1. c4 e6 2. Nc3 d5 3. cxd5 exd5 4. d4 Nf6 5. g3 c6 6. Bg2 Bd6 7. Nf3 Nbd7 8.
O-O O-O 9. b3 Re8 10. e3 Nf8 11. Bb2 Ng6 12. Rc1 Bf5 13. Na4 Qc8 14. Nc5 Rb8
15. Nd3 Bh3 16. Qc2 Bxg2 17. Kxg2 h5 18. h4 Ng4 19. Qd2 Nh6 20. Bc3 Qg4 21.
Rce1 Nf5 22. Nf4 Ngxh4+ 23. Nxh4 Nxh4+ 0-1

[Event "Deutsche Ländermeisterschaft 2003"]
[Site "Kassel GER"]
[Date "2003.10.22"]
[Round "6"]
[White "Bradler, Stephan"]
[Black "Kuhn, Alena"]
[Result "1-0"]
[Termination "normal"]
[Board "1.7"]
[WhiteElo "1559"]
[BlackElo "1522"]
[WhiteTeam "Niedersachsen"]
[BlackTeam "Hessen 2"]
[PlyCount "55"]
[WhiteFideId "24629367"]
[EventCountry "GER"]
[EventRounds "7"]
[EventType "team-swiss"]
[EventDate "2003.10.18"]

1. e4 e6 2. d4 d5 3. Nc3 Nf6 4. e5 Nfd7 5. f4 c5 6. Be3 Nc6 7. Nf3 Qb6 8. Na4
Qa5+ 9. c3 cxd4 10. b4 Qc7 11. Nxd4 Be7 12. Qg4 Nxd4 13. Bxd4 O-O 14. Bd3 f5
15. exf6 Nxf6 16. Qg3 Bd7 17. Nc5 Rf7 18. O-O Raf8 19. Rae1 Bxc5 20. Bxc5 Rc8
21. Bd4 Rcf8 22. Qh4 g6 23. Rf3 Nh5 24. Be5 Qb6+ 25. Kh1 Bb5 26. Bd4 Qc6 27.
Bxb5 Qxb5 28. Qxh5 1-0

[Event "Deutsche Ländermeisterschaft 2003"]
[Site "Kassel GER"]
[Date "2003.10.22"]
[Round "6"]
[White "Zuyev, Lisa"]
[Black "Kickert, Germaine Helene"]
[Result "0-1"]
[Termination "normal"]
[Board "1.8"]
[WhiteElo "1160"]
[BlackElo "1315"]
[WhiteTeam "Hessen 2"]
[BlackTeam "Niedersachsen"]
[PlyCount "108"]
[BlackFideId "24614890"]
[EventCountry "GER"]
[EventRounds "7"]
[EventType "team-swiss"]
[EventDate "2003.10.18"]

1. e4 e5 2. Nf3 Nc6 3. Bb5 Bc5 4. O-O Nge7 5. Nc3 O-O 6. d3 h6 7. Be3 Bb6 8.
Nd5 d6 9. Nxb6 axb6 10. d4 Bg4 11. h3 Bxf3 12. Qxf3 Nxd4 13. Bxd4 exd4 14. Rad1
Rxa2 15. Qb3 Ra5 16. Rxd4 Ng6 17. Bc4 Qf6 18. Rd2 Rg5 19. f3 Qf4 20. Rdf2 Rg3
21. Qd3 Qh4 22. Qd2 Qxh3 23. f4 Qc8 24. Rf3 Rxf3 25. Rxf3 Kh8 26. f5 Ne5 27.
Rc3 Nxc4 28. Rxc4 Rd8 29. Qf4 Qd7 30. Rc3 Kg8 31. Qg3 Kf8 32. Rd3 Qe7 33. Qf4
Qg5 34. Qxg5 hxg5 35. e5 Ke7 36. b4 dxe5 37. Re3 f6 38. g4 Rd1+ 39. Kf2 Rd2+
40. Kf3 Rxc2 41. Re4 b5 42. Re1 Rc3+ 43. Ke4 Rc4+ 44. Kf3 Rxb4 45. Rc1 Rc4 46.
Rb1 b4 47. Rb2 Rc3+ 48. Ke4 b3 49. Kd5 c6+ 50. Ke4 Rc4+ 51. Kd3 Rb4 52. Kc3 c5
53. Kd3 Rxg4 54. Rxb3 Rg3+ 0-1

[Event "Deutsche Ländermeisterschaft 2003"]
[Site "Kassel GER"]
[Date "2003.10.22"]
[Round "6"]
[White "Boguslavskyy, Oleg"]
[Black "Silber, Henning"]
[Result "1/2-1/2"]
[Termination "normal"]
[Board "2.1"]
[WhiteElo "2340"]
[BlackElo "2303"]
[WhiteTeam "Baden"]
[BlackTeam "Rheinland-Pfalz"]
[PlyCount "66"]
[WhiteFideId "14113929"]
[BlackFideId "4662024"]
[EventCountry "GER"]
[EventRounds "7"]
[EventType "team-swiss"]
[EventDate "2003.10.18"]

1. e4 e5 2. Nf3 Nc6 3. Bb5 a6 4. Ba4 Nf6 5. O-O Be7 6. Re1 b5 7. Bb3 d6 8. c3
O-O 9. h3 Na5 10. Bc2 c5 11. d4 Qc7 12. Nbd2 cxd4 13. cxd4 Nc6 14. d5 Nb4 15.
Bb1 a5 16. Nf1 Bd7 17. a3 Na6 18. Bd2 b4 19. Ne3 Rfb8 20. Nh4 g6 21. axb4 axb4
22. Qf3 Nxe4 23. Nxg6 fxg6 24. Bxe4 Nc5 25. Rxa8 Rxa8 26. Bb1 b3 27. Ng4 Rf8
28. Nh6+ Kg7 29. Qc3 Qd8 30. Qc1 Qa8 31. Ng4 Rf7 32. Nh6 Rf8 33. Ng4 Rf7
1/2-1/2

[Event "Deutsche Ländermeisterschaft 2003"]
[Site "Kassel GER"]
[Date "2003.10.22"]
[Round "6"]
[White "Kühner, Christian"]
[Black "Strohhäker, Raoul"]
[Result "0-1"]
[Termination "normal"]
[Board "2.2"]
[WhiteElo "2174"]
[BlackElo "2106"]
[WhiteTeam "Rheinland-Pfalz"]
[BlackTeam "Baden"]
[PlyCount "118"]
[WhiteFideId "4679440"]
[BlackFideId "4687400"]
[EventCountry "GER"]
[EventRounds "7"]
[EventType "team-swiss"]
[EventDate "2003.10.18"]

1. c4 c5 2. Nc3 Nf6 3. g3 d5 4. cxd5 Nxd5 5. Bg2 Nc7 6. Nf3 Nc6 7. O-O e5 8.
Ne1 Bd7 9. Nd3 f6 10. b3 Be7 11. f4 exf4 12. Nxf4 O-O 13. Bb2 Re8 14. Nfd5 Nxd5
15. Nxd5 Bg4 16. h3 Bh5 17. Nf4 Bf7 18. Rc1 Rc8 19. e3 Qa5 20. Bc3 Qxa2 21. Nd5
Qa6 22. Ra1 Qd3 23. Nxe7+ Rxe7 24. Bxc6 Rxc6 25. Rxa7 Qg6 26. Ra8+ Re8 27.
Rxe8+ Bxe8 28. Qf3 h5 29. Kh2 Bf7 30. b4 cxb4 31. Bxb4 Qc2 32. Rf2 Rb6 33. Bc3
Rb1 34. Rf1 Rxf1 35. Qxf1 Bd5 36. g4 h4 37. Qf5 Qxf5 38. gxf5 Be4 39. d4 Bxf5
40. Be1 g5 41. Bc3 Kf7 42. Kg2 Be4+ 43. Kh2 b5 44. Bb4 Kg6 45. Be7 f5 46. Kg1
Kh5 47. Kh2 Bd5 48. Bd6 g4 49. Be7 Be6 50. Bd6 Bc4 51. Kg2 gxh3+ 52. Kxh3 Bf1+
53. Kh2 Kg4 54. Kg1 Bc4 55. Kf2 h3 56. Kg1 Kf3 57. Kh2 Kxe3 58. Bc5 f4 59. Kxh3
Bd5 0-1

[Event "Deutsche Ländermeisterschaft 2003"]
[Site "Kassel GER"]
[Date "2003.10.22"]
[Round "6"]
[White "Hauser, Carlos"]
[Black "Armbrust, Florian"]
[Result "1/2-1/2"]
[Termination "normal"]
[Board "2.3"]
[WhiteElo "1903"]
[BlackElo "2205"]
[WhiteTeam "Baden"]
[BlackTeam "Rheinland-Pfalz"]
[PlyCount "97"]
[WhiteFideId "24608238"]
[BlackFideId "4691350"]
[EventCountry "GER"]
[EventRounds "7"]
[EventType "team-swiss"]
[EventDate "2003.10.18"]

1. d4 Nf6 2. c4 g6 3. Nc3 Bg7 4. e4 d6 5. Nf3 O-O 6. Be2 Nbd7 7. O-O e5 8. Re1
c6 9. Rb1 Qe7 10. Bf1 Nh5 11. b4 Re8 12. d5 c5 13. Nb5 Rf8 14. Ba3 b6 15. Nc7
Rb8 16. bxc5 Nxc5 17. Bxc5 Qxc7 18. Be3 Nf6 19. Bd2 Nd7 20. a4 a5 21. Bc1 Ba6
22. Qc2 Rfe8 23. Be3 Nc5 24. Nd2 Qd7 25. Ra1 f5 26. f3 f4 27. Bf2 h5 28. Nb1 g5
29. Nc3 Bf6 30. Reb1 Qg7 31. Nb5 Qd7 32. h3 g4 33. hxg4 hxg4 34. fxg4 Bxb5 35.
Rxb5 Qh7 36. Rab1 Nd7 37. R1b3 Kg7 38. Rh3 Qg6 39. Be2 Rh8 40. Rbb3 Rxh3 41.
gxh3 Qh7 42. Kg2 Bh4 43. Bg1 Rh8 44. Bf1 Be1 45. Kf3 Bb4 46. Bf2 Nc5 47. Rb1
Qg6 48. h4 Nd7 49. Bh3 1/2-1/2

[Event "Deutsche Ländermeisterschaft 2003"]
[Site "Kassel GER"]
[Date "2003.10.22"]
[Round "6"]
[White "Völbel, Patrick"]
[Black "Becker, Erik"]
[Result "0-1"]
[Termination "normal"]
[Board "2.4"]
[WhiteElo "1779"]
[BlackElo "2010"]
[WhiteTeam "Rheinland-Pfalz"]
[BlackTeam "Baden"]
[PlyCount "80"]
[WhiteFideId "24622583"]
[BlackFideId "4696921"]
[EventCountry "GER"]
[EventRounds "7"]
[EventType "team-swiss"]
[EventDate "2003.10.18"]

1. d4 Nf6 2. c4 g6 3. Nc3 Bg7 4. e4 d6 5. Be2 O-O 6. Bg5 Nbd7 7. Qd2 c6 8. Nf3
Qc7 9. O-O Rd8 10. Rad1 Nf8 11. h3 Bd7 12. Qc1 Be6 13. b3 a6 14. a4 Ne8 15. Be3
Bd7 16. Ne1 e5 17. d5 c5 18. Qc2 f5 19. f4 exf4 20. Bxf4 fxe4 21. Nxe4 Bf5 22.
Bg5 Rd7 23. g4 Bxe4 24. Qxe4 Rf7 25. Nf3 Nf6 26. Qc2 Re8 27. Bd3 N6d7 28. Kg2
Ne5 29. Nxe5 Rxe5 30. Rxf7 Qxf7 31. Rf1 Qd7 32. Qd2 Re8 33. Bf6 Bxf6 34. Rxf6
Qe7 35. Qf4 Rd8 36. g5 Qe1 37. Rf7 Qa1 38. Rxb7 Qa2+ 39. Kf3 Nd7 40. Qxd6 Rf8+
0-1

[Event "Deutsche Ländermeisterschaft 2003"]
[Site "Kassel GER"]
[Date "2003.10.22"]
[Round "6"]
[White "Kaczmarczyk, Dennis"]
[Black "Hauck, Kerstin"]
[Result "1/2-1/2"]
[Termination "normal"]
[Board "2.5"]
[WhiteElo "1814"]
[BlackElo "1738"]
[WhiteTeam "Baden"]
[BlackTeam "Rheinland-Pfalz"]
[PlyCount "66"]
[WhiteFideId "24608297"]
[EventCountry "GER"]
[EventRounds "7"]
[EventType "team-swiss"]
[EventDate "2003.10.18"]

1. c4 e6 2. Nf3 d5 3. d4 Nf6 4. g3 c5 5. e3 Nc6 6. cxd5 Nxd5 7. Bg2 Qa5+ 8. Qd2
Qxd2+ 9. Bxd2 Ndb4 10. Bxb4 Nxb4 11. Kd2 f6 12. Nc3 Bd7 13. Rac1 Bc6 14. Rhd1
Rd8 15. Ke2 Kf7 16. dxc5 Bxc5 17. Rxd8 Rxd8 18. a3 Na6 19. b4 Bb6 20. Ne1 Bxg2
21. Nxg2 g5 22. Na4 Rd7 23. Nxb6 axb6 24. Ne1 Ke7 25. g4 Rd6 26. Rc8 Rd8 27.
Rxd8 Kxd8 28. Kd3 Kd7 29. Kc4 Nc7 30. Nc2 e5 31. b5 Kd6 32. Nb4 Ke6 33. f3 Kd6
1/2-1/2

[Event "Deutsche Ländermeisterschaft 2003"]
[Site "Kassel GER"]
[Date "2003.10.22"]
[Round "6"]
[White "Goergen, Barbara"]
[Black "Klassen, Olga"]
[Result "1/2-1/2"]
[Termination "normal"]
[Board "2.7"]
[WhiteElo "1758"]
[BlackElo "1563"]
[WhiteTeam "Baden"]
[BlackTeam "Rheinland-Pfalz"]
[PlyCount "72"]
[EventCountry "GER"]
[EventRounds "7"]
[EventType "team-swiss"]
[EventDate "2003.10.18"]

1. e4 c5 2. c3 d5 3. exd5 Qxd5 4. d4 Nf6 5. Nf3 e6 6. h3 Nc6 7. Be3 cxd4 8.
cxd4 Bb4+ 9. Nc3 Qd8 10. a3 Ba5 11. b4 Bb6 12. Be2 O-O 13. O-O Ne7 14. Qb3 Nfd5
15. Nxd5 Nxd5 16. Bc4 Nxe3 17. fxe3 a6 18. Rae1 Ba7 19. a4 Bd7 20. Ne5 Rc8 21.
Nxd7 Qxd7 22. Be2 Rc7 23. b5 Qd6 24. Rc1 Rfc8 25. Rxc7 Rxc7 26. bxa6 bxa6 27.
Rb1 g6 28. Bf3 Rc8 29. Qd3 e5 30. Rb7 Bb8 31. Qb3 Bc7 32. dxe5 Qxe5 33. e4 a5
34. Qd5 Rb8 35. Rxb8+ Bxb8 36. Qxe5 Bxe5 1/2-1/2

[Event "Deutsche Ländermeisterschaft 2003"]
[Site "Kassel GER"]
[Date "2003.10.22"]
[Round "6"]
[White "Becher, Anne"]
[Black "Frey, Alisa"]
[Result "1-0"]
[Termination "normal"]
[Board "2.8"]
[WhiteElo "1355"]
[BlackElo "1396"]
[WhiteTeam "Rheinland-Pfalz"]
[BlackTeam "Baden"]
[PlyCount "93"]
[BlackFideId "24634662"]
[EventCountry "GER"]
[EventRounds "7"]
[EventType "team-swiss"]
[EventDate "2003.10.18"]

1. c4 e5 2. Nc3 Nf6 3. g3 d5 4. e3 Bf5 5. Nf3 Nc6 6. d4 Bg4 7. Be2 dxc4 8. dxe5
Qxd1+ 9. Nxd1 Bxf3 10. Bxf3 Nxe5 11. Bxb7 Rb8 12. Bg2 Nd3+ 13. Ke2 Bc5 14. Bd2
Nxb2 15. Rb1 Ba3 16. Bc3 Ne4 17. Bxe4 O-O 18. Nxb2 Bxb2 19. Rxb2 Rxb2+ 20. Bxb2
Re8 21. Bd5 c3 22. Bxc3 c6 23. Bc4 Re4 24. Rb1 h6 25. Rb8+ Kh7 26. Bd3 f5 27.
Bxe4 fxe4 28. Re8 c5 29. Rxe4 a6 30. Re7 Kg6 31. Rxg7+ Kh5 32. Rc7 c4 33. Rxc4
a5 34. Rh4+ Kg6 35. Kf3 a4 36. Kg4 a3 37. Rh5 Kf7 38. Rxh6 Ke7 39. Kf5 Kd7 40.
Be5 Ke7 41. Rh7+ Kd8 42. Ke6 Kc8 43. Rc7+ Kb8 44. Kd6 Ka8 45. Kc6 Kb8 46. Kb6
Ka8 47. Rc8# 1-0

[Event "Deutsche Ländermeisterschaft 2003"]
[Site "Kassel GER"]
[Date "2003.10.22"]
[Round "6"]
[White "Ortmann, David"]
[Black "Krämer, Martin"]
[Result "1-0"]
[Termination "normal"]
[Board "3.1"]
[WhiteElo "2280"]
[BlackElo "2213"]
[WhiteTeam "Württemberg"]
[BlackTeam "Thüringen"]
[PlyCount "79"]
[WhiteFideId "4651588"]
[BlackFideId "4671910"]
[EventCountry "GER"]
[EventRounds "7"]
[EventType "team-swiss"]
[EventDate "2003.10.18"]

1. Nf3 Nf6 2. c4 g6 3. Nc3 Bg7 4. e4 d6 5. d4 O-O 6. Be2 e5 7. O-O Nc6 8. d5
Ne7 9. b4 Nh5 10. Re1 f5 11. Ng5 Nf6 12. Bf3 c6 13. Be3 Kh8 14. a4 Ne8 15. Qb3
h6 16. Ne6 Bxe6 17. dxe6 Nc7 18. c5 d5 19. exd5 Nexd5 20. Rad1 e4 21. Nxd5 cxd5
22. Bf4 Nxe6 23. Bd6 Re8 24. Qxd5 Qf6 25. Be2 b6 26. Bb5 Rg8 27. Bd7 Nd4 28. c6
Rad8 29. b5 Rxd7 30. cxd7 Rd8 31. Bc7 Rxd7 32. Qxd7 Ne6 33. Qe8+ Kh7 34. Rd7
Qc3 35. Red1 Nxc7 36. Qe7 Nd5 37. R7xd5 e3 38. fxe3 Qxe3+ 39. Qxe3 h5 40. Rd7
1-0

[Event "Deutsche Ländermeisterschaft 2003"]
[Site "Kassel GER"]
[Date "2003.10.22"]
[Round "6"]
[White "Holzschuh, Stephan"]
[Black "Stuhl, Alexander"]
[Result "0-1"]
[Termination "normal"]
[Board "3.2"]
[WhiteElo "2138"]
[BlackElo "2029"]
[WhiteTeam "Thüringen"]
[BlackTeam "Württemberg"]
[PlyCount "88"]
[WhiteFideId "4677471"]
[BlackFideId "24601373"]
[EventCountry "GER"]
[EventRounds "7"]
[EventType "team-swiss"]
[EventDate "2003.10.18"]

1. e4 c5 2. Nf3 e6 3. d4 cxd4 4. Nxd4 a6 5. Nc3 d6 6. Be3 Nd7 7. Be2 b6 8. f4
Bb7 9. Bf3 Qc7 10. Qe2 Ngf6 11. Nb3 Be7 12. g4 h6 13. O-O-O b5 14. Qg2 Rc8 15.
Rd2 b4 16. Ne2 Nb6 17. Bxb6 Qxb6 18. g5 hxg5 19. fxg5 Nd7 20. g6 Ne5 21. gxf7+
Kxf7 22. Ned4 Rh4 23. Rf1 Bf6 24. Kb1 Rch8 25. Qg3 Rh3 26. Qf4 R8h4 27. Bh5+
Rxh5 28. Rg2 Ke7 29. Rfg1 Rh7 30. Nxe6 Kxe6 31. Rd1 Rf3 32. Qd2 Nf7 33. Qe2
Rxb3 34. Qg4+ Ke7 35. axb3 Qc5 36. Re2 Qe5 37. c3 Rh4 38. Qg1 Bxe4+ 39. Rc2
bxc3 40. Qb6 Qb5 41. Qc7+ Qd7 42. Qb6 Qc6 43. Qf2 Qb5 44. bxc3 Qxb3+ 0-1

[Event "Deutsche Ländermeisterschaft 2003"]
[Site "Kassel GER"]
[Date "2003.10.22"]
[Round "6"]
[White "Behm, Simon"]
[Black "Lange, Corinna"]
[Result "1-0"]
[Termination "normal"]
[Board "3.3"]
[WhiteElo "2045"]
[BlackElo "2142"]
[WhiteTeam "Württemberg"]
[BlackTeam "Thüringen"]
[PlyCount "48"]
[WhiteFideId "4691962"]
[EventCountry "GER"]
[EventRounds "7"]
[EventType "team-swiss"]
[EventDate "2003.10.18"]

1. d4 e6 2. c4 d5 3. Nc3 f5 4. Nf3 Nf6 5. Bf4 c6 6. e3 Be7 7. Bd3 O-O 8. Qc2
Ne4 9. g4 Nxc3 10. bxc3 dxc4 11. Bxc4 Kh8 12. Ke2 c5 13. gxf5 cxd4 14. cxd4
Rxf5 15. Bd3 Nc6 16. Bxf5 exf5 17. Ne5 Be6 18. Nxc6 bxc6 19. Be5 Rc8 20. Rhg1
Bf6 21. Qc5 Bxe5 22. Qxe5 Qd7 23. Rab1 h6 24. Rg6 Kh7 1-0

[Event "Deutsche Ländermeisterschaft 2003"]
[Site "Kassel GER"]
[Date "2003.10.22"]
[Round "6"]
[White "Siebarth, Raiko"]
[Black "Häcker, Sonja"]
[Result "0-1"]
[Termination "normal"]
[Board "3.4"]
[WhiteElo "2117"]
[BlackElo "2028"]
[WhiteTeam "Thüringen"]
[BlackTeam "Württemberg"]
[PlyCount "96"]
[WhiteFideId "4674766"]
[BlackFideId "4680928"]
[EventCountry "GER"]
[EventRounds "7"]
[EventType "team-swiss"]
[EventDate "2003.10.18"]

1. e4 c5 2. Nf3 Nc6 3. d4 cxd4 4. Nxd4 Nf6 5. Nc3 d6 6. Bg5 e6 7. Qd2 Be7 8.
O-O-O O-O 9. f4 Nxd4 10. Qxd4 Qa5 11. Bd3 Rd8 12. h3 Bd7 13. e5 dxe5 14. fxe5
Bc6 15. Qf4 Nd5 16. Nxd5 Bxg5 17. Qxg5 Rxd5 18. Rhf1 Rxe5 19. Qe7 f5 20. Bc4
Re8 21. Qd6 Qc5 22. Qc7 Bb5 23. Qxc5 Rxc5 24. Bxb5 Rxb5 25. Rd7 Kf8 26. c4 Rc5
27. b3 Re7 28. Rd8+ Kf7 29. Kb2 g6 30. g4 Kf6 31. h4 Rf7 32. g5+ Kg7 33. Rfd1
Rcc7 34. R1d6 e5 35. Re8 Rfe7 36. Ra8 a6 37. Rdd8 Kf7 38. Rf8+ Ke6 39. Rad8 Rf7
40. Rfe8+ Rce7 41. Rh8 f4 42. Rd5 f3 43. Rhd8 f2 44. Rd1 Rd7 45. Re8+ Rfe7 46.
Rxd7 Rxe8 47. Rd1 e4 48. Kc3 e3 0-1

[Event "Deutsche Ländermeisterschaft 2003"]
[Site "Kassel GER"]
[Date "2003.10.22"]
[Round "6"]
[White "Plenca, Julijan"]
[Black "Siebarth, Marco"]
[Result "1/2-1/2"]
[Termination "normal"]
[Board "3.5"]
[WhiteElo "2059"]
[BlackElo "1733"]
[WhiteTeam "Württemberg"]
[BlackTeam "Thüringen"]
[PlyCount "53"]
[WhiteFideId "14508044"]
[BlackFideId "24604330"]
[EventCountry "GER"]
[EventRounds "7"]
[EventType "team-swiss"]
[EventDate "2003.10.18"]

1. e4 d5 2. exd5 Qxd5 3. Nc3 Qa5 4. Bc4 Nf6 5. d4 c6 6. Bd2 Qc7 7. Nf3 Bg4 8.
h3 Bxf3 9. Qxf3 e6 10. O-O-O Nbd7 11. g4 Nb6 12. Bd3 O-O-O 13. Ne4 Nxe4 14.
Qxe4 Qd7 15. c3 Qd5 16. Qxd5 exd5 17. Bf5+ Kc7 18. Rhe1 Bd6 19. Re2 g6 20. Bd3
Rde8 21. Rde1 Kd7 22. b3 Rxe2 23. Rxe2 Re8 24. Kd1 Rxe2 25. Kxe2 Ke6 26. Kf3
Nc8 27. Be3 1/2-1/2

[Event "Deutsche Ländermeisterschaft 2003"]
[Site "Kassel GER"]
[Date "2003.10.22"]
[Round "6"]
[White "Forchmann, Anneliese"]
[Black "Zikeli, Saskia"]
[Result "1-0"]
[Termination "normal"]
[Board "3.6"]
[WhiteElo "1627"]
[BlackElo "1867"]
[WhiteTeam "Thüringen"]
[BlackTeam "Württemberg"]
[PlyCount "107"]
[BlackFideId "24601543"]
[EventCountry "GER"]
[EventRounds "7"]
[EventType "team-swiss"]
[EventDate "2003.10.18"]

1. e4 c5 2. Nf3 d6 3. d4 cxd4 4. Nxd4 Nf6 5. Nc3 g6 6. Be3 Bg7 7. f3 O-O 8. Qd2
Nc6 9. Bc4 Bd7 10. O-O-O Rc8 11. Bb3 Ne5 12. h4 Nc4 13. Bxc4 Rxc4 14. h5 Nxh5
15. g4 Nf6 16. Bg5 Nxe4 17. Nxe4 Rxd4 18. Qh2 Rxd1+ 19. Kxd1 h5 20. gxh5 Bf5
21. hxg6 Bxg6 22. Bh6 f6 23. Qg2 Qe8 24. Bxg7 Kxg7 25. f4 Rh8 26. Rg1 f5 27.
Ng3 e6 28. Qxb7+ Qf7 29. Qc6 Qe7 30. Qc3+ Qf6 31. Qb4 Qf8 32. Qd4+ Kg8 33. Qxa7
Rh7 34. Qe3 Qf6 35. c3 Rb7 36. Rg2 Kf7 37. a4 Qe7 38. b4 Qc7 39. Qd4 Qc6 40.
Ra2 Rc7 41. Ne2 Bh5 42. a5 Qa6 43. Rd2 Rc6 44. Qd3 Qa7 45. Kc2 Ra6 46. Nd4 Qb7
47. Nb3 Ra8 48. b5 Bf3 49. Kb2 Be4 50. Qc4 Bd5 51. Qb4 Rc8 52. a6 Qb6 53. Qa5
Qb8 54. Rd4 1-0